000 00456nam a2200145Ia 4500
008 211109s9999||||xx |||||||||||||| ||und||
082 _a894.81292
_bRAD-M
100 _aRadhakrishnan, R
245 0 _aMAHACHARITHAMAALA-123
260 _bNATIONAL BOOKSTALL
_aKottayam
_c1984
300 _a99p.
630 _xGeneral Stack
650 _aBiography, genealogy & insignia
_vAltaic, Uralic, Hyperborean & Dravidian
_xLiterature & rhetoricGeneralia
942 _cBOOK
999 _c93850
_d93850